[Event "Luxembourg-chT 1213"]
[Site "Luxembourg"]
[Date "2013.05.10"]
[Round "9"]
[White "Linster, Philippe"]
[Black "Fadil, Hicham"]
[Result "1/2-1/2"]
[WhiteElo "2125"]
[BlackElo "1939"]
[PlyCount "93"]
[EventDate "2012.10.??"]
[EventType "team-tourn"]
[EventRounds "10"]
[EventCountry "LUX"]
[SourceTitle "EXT 2017"]
[Source "ChessBase"]
[SourceDate "2016.10.25"]
[SourceVersion "1"]
[SourceVersionDate "2016.10.25"]
[SourceQuality "1"]

1. e4 c5 2. Nf3 e6 3. d4 cxd4 4. Nxd4 Nf6 5. Nc3 Bb4 6. e5 Ne4 7. Qf3 d5 8. exd6 Nxc3 9. bxc3 Bxd6 10. Bb5+ Nd7 11. Qg4 0-0 12. Nxe6 Qf6 13. Nd4 Nc5 14. Qf3 Qe5+ 15. Qe3 Ne4 16. f4 Qc5 17. Bd2 f5 18. 0-0 a6 19. Ba4 Rf6 20. Rae1 b5 21. Bb3+ Kh8 22. Nf3 Nxd2 23. Nxd2 Qxe3+ 24. Rxe3 Bc5 25. Rfe1 Bb7 26. Kf1 Bxe3 27. Rxe3 Rd6 28. Nf3 Bxf3 29. Rxf3 Re8 30. Rd3 Red8 31. Ke2 g6 32. a4 bxa4 33. Bxa4 Kg7 34. c4 Kf6 35. c5 Rxd3 36. cxd3 Ke7 37. Ke3 Rb8 38. d4 Rb4 39. Bc6 Rb3+ 40. Kd2 Rb2+ 41. Kc3 Rf2 42. Bf3 h6 43. d5 g5 44. fxg5 hxg5 45. Kd4 g4 46. d6+ Kd7 47. Bb7 1/2-1/2

[Event "Luxembourg-chT 1213"]
[Site "Luxembourg"]
[Date "2013.04.10"]
[Round "7"]
[White "Filipovic, Slobodan J"]
[Black "Fadil, Hicham"]
[Result "1-0"]
[WhiteElo "2226"]
[BlackElo "1939"]
[PlyCount "47"]
[EventDate "2012.10.??"]
[EventType "team-tourn"]
[EventRounds "10"]
[EventCountry "LUX"]
[SourceTitle "EXT 2017"]
[Source "ChessBase"]
[SourceDate "2016.10.25"]
[SourceVersion "1"]
[SourceVersionDate "2016.10.25"]
[SourceQuality "1"]

1. e4 c5 2. Nf3 d6 3. d4 cxd4 4. Nxd4 Nf6 5. Nc3 a6 6. Be3 e6 7. g4 h6 8. h3 b5 9. Bg2 Bb7 10. a3 Nbd7 11. Nde2 Rc8 12. 0-0 Ne5 13. b3 h5 14. g5 Nfd7 15. f4 Ng6 16. Qe1 e5 17. f5 Ne7 18. Rd1 Nb6 19. Qf2 Rc6 20. f6 gxf6 21. Qxf6 Rh7 22. Qf2 Ng6 23. h4 Bc8 24. Bxb6 1-0

[Event "Luxembourg-chT 1213"]
[Site "Luxembourg"]
[Date "2012.10.??"]
[Round "1"]
[White "Bakalarz, Mietek"]
[Black "Fadil, Hicham"]
[Result "1-0"]
[WhiteElo "2350"]
[BlackElo "1939"]
[PlyCount "35"]
[EventDate "2012.10.??"]
[EventType "team-tourn"]
[EventRounds "10"]
[EventCountry "LUX"]
[SourceTitle "EXT 2017"]
[Source "ChessBase"]
[SourceDate "2016.10.25"]
[SourceVersion "1"]
[SourceVersionDate "2016.10.25"]
[SourceQuality "1"]

1. e4 e5 2. d4 exd4 3. Nf3 Nc6 4. Nxd4 Nf6 5. Nc3 Bb4 6. Nxc6 bxc6 7. Bd3 Qe7 8. 0-0 0-0 9. Bg5 Qe5 10. f4 Qd4+ 11. Kh1 d5 12. e5 Ne4 13. Bxe4 Bxc3 14. Bd3 Bxb2 15. Qh5 h6 16. Bxh6 gxh6 17. Qxh6 f5 18. Qg6+ 1-0

[Event "Kaupthing op-B 1st"]
[Site "Differdange"]
[Date "2007.07.08"]
[Round "3"]
[White "Lobzhanidze, Anna Luise"]
[Black "Fadil, Hicham"]
[Result "1-0"]
[WhiteElo "2086"]
[BlackElo "1769"]
[PlyCount "87"]
[EventDate "2007.07.08"]
[EventType "swiss"]
[EventRounds "9"]
[EventCountry "LUX"]
[SourceTitle "EXT 2008"]
[Source "ChessBase"]
[SourceDate "2007.11.25"]
[SourceVersion "1"]
[SourceVersionDate "2007.11.25"]
[SourceQuality "1"]

1. e4 c5 2. Nf3 Nc6 3. d4 cxd4 4. Nxd4 Nf6 5. Nc3 e6 6. a3 a6 7. Be3 d6 8. Be2 Be7 9. 0-0 Bd7 10. f4 Qc7 11. Qe1 h5 12. h3 h4 13. Nf3 Nh5 14. Nxh4 Ng3 15. Qxg3 Bxh4 16. Qf3 g6 17. Rad1 0-0-0 18. Na4 Rdg8 19. Nb6+ Kb8 20. Nc4 d5 21. Bb6 Qc8 22. exd5 exd5 23. Nd6 Qf8 24. Qxd5 Be6 25. Qe4 Bf5 26. Nxf5 gxf5 27. Qxf5 Rh6 28. Bf3 Rf6 29. Qd7 Rfg6 30. Qc7+ Ka8 31. Rd7 Qc8 32. Rxf7 Bf6 33. Bxc6 Qxc7 34. Rxc7 bxc6 35. g4 c5 36. Bxc5 Kb8 37. Rf7 Rc8 38. b4 Bc3 39. Rd1 a5 40. Rdd7 Rh8 41. Bd6+ Kc8 42. Rc7+ Kd8 43. Rb7 Ke8 44. Rfe7+ 1-0